[Event "2nd 4NCL Spring Bank Holiday Congress"]
[Site "Basingstoke"]
[Date "2019.05.27"]
[Round "7.1"]
[White "Sheard, Jack"]
[Black "Goodfellow, Russell Robert"]
[Result "0-1"]
[WhiteElo "1392"]
[BlackElo "1718"]
[PlyCount "144"]
[EventDate "2019.05.24"]

1. Nf3 e6 2. g3 f5 3. Bg2 Nf6 4. O-O d6 5. c4 Be7 6. b4 O-O 7. d3 e5 8. Bb2 Qe8
9. Nbd2 Nc6 10. Qa4 Bd7 11. b5 Nd8 12. Qa5 c6 13. b6 Nf7 14. bxa7 Bd8 15. Qc3
Rxa7 16. e4 Bb6 17. a4 Qa8 18. Qb3 Ra6 19. Ba3 Re8 20. Rfb1 Qa7 21. a5 Bxf2+
22. Kh1 Rxa5 23. Bb2 fxe4 24. Nxe4 Nxe4 25. dxe4 Bc8 26. Bc3 Rxa1 27. Rxa1 Qb6
28. Qc2 Bc5 29. Rb1 Qc7 30. Nh4 g6 31. Qd2 Be6 32. Qd3 Qe7 33. Bb4 Bxb4 34.
Rxb4 d5 35. Rb1 dxc4 36. Qc3 b5 37. Nf3 Qd6 38. Ne1 Rb8 39. Nc2 c5 40. Ne3 Qd3
41. Qe1 Qd6 42. Nd5 Bxd5 43. exd5 b4 44. Qe4 c3 45. Qc4 Nh6 46. Bh3 Rf8 47.
Be6+ Kg7 48. Ra1 Qe7 49. Qe4 Qf6 50. Kg2 b3 51. Qe3 c4 52. Qxc3 e4 53. Ra7+ Kh8
54. Qxc4 Qf2+ 55. Kh3 Qxa7 56. Qxb3 Qd4 57. Qa3 Qf6 58. Qe3 Qe5 59. Qxh6 Qh5+
60. Qxh5 gxh5 61. d6 e3 62. Bc4 Rd8 63. Kg2 Rxd6 64. Kf3 Rc6 65. Bf7 Rf6+ 66.
Kxe3 Rxf7 67. Ke2 Kg7 68. h4 Kg6 69. Ke3 Kf5 70. Kf2 Kg4+ 71. Kg2 Rf3 72. Kh2
Rf2+ 0-1

[Event "2nd 4NCL Spring Bank Holiday Congress"]
[Site "Basingstoke"]
[Date "2019.05.27"]
[Round "7.3"]
[White "Horlock, Peter J"]
[Black "Bishop, Geoffrey L"]
[Result "1-0"]
[WhiteElo "1579"]
[BlackElo "1715"]
[PlyCount "81"]
[EventDate "2019.05.24"]

1. e4 a6 2. d4 b5 3. Bf4 Bb7 4. Nd2 Nf6 5. Bd3 e6 6. Ngf3 c5 7. dxc5 Bxc5 8.
O-O O-O 9. Bg5 Be7 10. Qe2 Nc6 11. e5 Nd5 12. Bxe7 Qxe7 13. Qe4 f5 14. exf6
Nxf6 15. Qh4 Nb4 16. Bxh7+ Kf7 17. Ne5+ Ke8 18. Ng6 Qd6 19. Nxf8 Kxf8 20. Ne4
Qc6 21. f3 Nxh7 22. Qxh7 Nxc2 23. Rac1 Qb6+ 24. Kh1 Ne3 25. Qh8+ Kf7 26. Qh5+
Kg8 27. Rfe1 Rf8 28. Ng5 Rf5 29. Qh7+ Kf8 30. Qh8+ Ke7 31. Qxg7+ Ke8 32. Qh8+
Ke7 33. Qh7+ Ke8 34. Qg6+ Ke7 35. Rc3 Ng4 36. Ne4 Bxe4 37. Qxg4 Qf2 38. Qxe4
Qxb2 39. Qxf5 Qxc3 40. Qg5+ Ke8 41. Rc1 1-0

[Event "2nd 4NCL Spring Bank Holiday Congress"]
[Site "Basingstoke"]
[Date "2019.05.27"]
[Round "7.4"]
[White "Farahi-Far, Arman"]
[Black "Ball, Matthew P"]
[Result "0-1"]
[WhiteElo "1314"]
[BlackElo "1652"]
[PlyCount "58"]
[EventDate "2019.05.24"]

1. d4 e6 2. Nf3 f5 3. c4 Nf6 4. g3 Bb4+ 5. Bd2 Qe7 6. a3 Bxd2+ 7. Nbxd2 O-O 8.
Bg2 d6 9. O-O e5 10. Re1 e4 11. Ng5 e3 12. Nf1 exf2+ 13. Kxf2 Ng4+ 14. Kg1 Qxg5
15. c5 Nc6 16. Qb3+ Kh8 17. cxd6 cxd6 18. Rac1 Qe7 19. Bxc6 bxc6 20. e3 Be6 21.
Qd3 Bd5 22. Nd2 Rae8 23. Re2 Qd7 24. e4 fxe4 25. Nxe4 Rxe4 26. Rxe4 Bxe4 27.
Qxe4 d5 28. Qc2 Qe6 29. Qc3 Qe2 0-1

[Event "2nd 4NCL Spring Bank Holiday Congress"]
[Site "Basingstoke"]
[Date "2019.05.27"]
[Round "7.5"]
[White "Homer, Neil S"]
[Black "Kumar, Soham"]
[Result "1-0"]
[WhiteElo "1654"]
[BlackElo "1230"]
[PlyCount "139"]
[EventDate "2019.05.24"]

1. Nf3 Nf6 2. c4 c5 3. Nc3 Nc6 4. d4 d5 5. cxd5 Nxd5 6. e4 cxd4 7. Nxd5 f5 8.
Nxe7 Qxe7 9. e5 Nxe5 10. Nxe5 Qxe5+ 11. Qe2 Qxe2+ 12. Bxe2 Bc5 13. O-O O-O 14.
Bf3 Rb8 15. Bf4 Ra8 16. Rac1 Bb6 17. Rfe1 Bd7 18. Bxb7 Rae8 19. Bd5+ Kh8 20.
Bc4 Re4 21. Bd6 Rc8 22. Bd3 Rxe1+ 23. Rxe1 Kg8 24. Kf1 g6 25. f4 Ba4 26. b3 Bc6
27. Bc4+ Kg7 28. Be5+ Kh6 29. Rd1 Rd8 30. Rd3 g5 31. Bf6 Re8 32. Bf7 Re3 33.
Bxg5+ Kg7 34. Rxe3 dxe3 35. Bc4 Kg6 36. g3 Kh5 37. h3 Kg6 38. Be7 Be8 39. b4
Bf7 40. Bxf7+ Kxf7 41. Bd6 Ke6 42. Bf8 Kd5 43. a4 Ke4 44. Ke2 h5 45. a5 Bd4 46.
Bd6 Kd5 47. Bf8 Kc4 48. Bd6 a6 49. Be7 Kd5 50. Kd3 Ba7 51. Bf6 Ke6 52. Bb2 Kd5
53. Bf6 Ke6 54. Bd8 Kd7 55. Bb6 Bxb6 56. axb6 Kc6 57. Kxe3 Kxb6 58. Kd3 Kb5 59.
Kc3 a5 60. bxa5 Kxa5 61. Kd4 Kb4 62. Ke5 Kc3 63. Kxf5 Kd3 64. Kg5 Ke4 65. f5
Ke5 66. Kg6 Kd6 67. f6 Ke6 68. Kg7 Kd7 69. f7 Ke6 70. f8=Q 1-0

[Event "2nd 4NCL Spring Bank Holiday Congress"]
[Site "Basingstoke"]
[Date "2019.05.27"]
[Round "7.6"]
[White "Fisher, Neal"]
[Black "Abbas, Ahmed C"]
[Result "1-0"]
[WhiteElo "1444"]
[BlackElo "1549"]
[PlyCount "77"]
[EventDate "2019.05.24"]

1. d4 Nf6 2. Bf4 g6 3. Nf3 Bg7 4. c3 d6 5. Nbd2 O-O 6. e4 c5 7. dxc5 dxc5 8.
Bc4 b6 9. Qb3 Nc6 10. O-O-O Na5 11. Qc2 Nxc4 12. Nxc4 Qe8 13. Rhe1 Qb5 14. Na3
Qa6 15. Be5 Bh6+ 16. Nd2 Bd7 17. Kb1 Ba4 18. b3 Bc6 19. Bxf6 exf6 20. Nac4 Rad8
21. f3 b5 22. Ne3 Qb7 23. Ndf1 a5 24. Ng4 Bg7 25. Rxd8 Rxd8 26. Rd1 Rxd1+ 27.
Qxd1 Bd7 28. Nge3 a4 29. Nd5 Be6 30. Nfe3 Qd7 31. Ng4 Bxg4 32. fxg4 Qd6 33.
bxa4 b4 34. Kc2 bxc3 35. a5 Bf8 36. Nxc3 Qxh2 37. Qf3 Bg7 38. a6 f5 39. a7 1-0

[Event "2nd 4NCL Spring Bank Holiday Congress"]
[Site "Basingstoke"]
[Date "2019.05.27"]
[Round "7.7"]
[White "Seymour, Paul"]
[Black "Robinson, Brian"]
[Result "1/2-1/2"]
[WhiteElo "1643"]
[BlackElo "1555"]
[PlyCount "52"]
[EventDate "2019.05.24"]

1. d4 Nf6 2. Bf4 c6 3. c3 d5 4. e3 e6 5. Bd3 Bd6 6. Bg3 O-O 7. Nf3 Re8 8. Nbd2
b6 9. Qc2 Ba6 10. Bxa6 Nxa6 11. Qa4 Nb8 12. Ne5 Qc7 13. Ndf3 Rc8 14. Ng5 Rf8
15. a3 h6 16. Ngf3 Ne4 17. Nd2 Nxg3 18. hxg3 Bxe5 19. dxe5 Qxe5 20. Nf3 Qd6 21.
O-O-O b5 22. Qh4 Qd8 23. Qh5 Nd7 24. Rd4 Nf6 25. Qe5 Ne4 26. g4 c5 1/2-1/2

[Event "2nd 4NCL Spring Bank Holiday Congress"]
[Site "Basingstoke"]
[Date "2019.05.27"]
[Round "7.8"]
[White "Murawski, Pawel"]
[Black "Piecha, Lukasz Marek"]
[Result "1/2-1/2"]
[WhiteElo "1162"]
[BlackElo "1727"]
[PlyCount "137"]
[EventDate "2019.05.24"]

1. d4 g6 2. c4 Bg7 3. Nc3 Nf6 4. e4 d6 5. Bg5 h6 6. Be3 Ng4 7. Qd2 Nc6 8. d5
Nb4 9. a3 Nxe3 10. fxe3 Na6 11. b4 O-O 12. Be2 c6 13. g4 e6 14. h4 exd5 15.
exd5 cxd5 16. cxd5 Nc7 17. O-O-O Qf6 18. Kc2 Bd7 19. g5 Qe7 20. gxh6 Bxh6 21.
Bd3 Rac8 22. Kb3 a5 23. h5 axb4 24. axb4 Qxe3 25. Qxe3 Bxe3 26. hxg6 Bg4 27.
Re1 Bd2 28. Re4 f5 29. g7 Kxg7 30. Re7+ Rf7 31. Rh7+ Kxh7 32. Rxf7+ Kg6 33. Rd7
Bxc3 34. Kxc3 Nxd5+ 35. Kd4 Nxb4 36. Rxd6+ Kg5 37. Rb6 Nxd3 38. Kxd3 Rd8+ 39.
Ke3 f4+ 40. Kf2 Rd2+ 41. Kf1 Kh4 42. Rxb7 Kg3 43. Rb3+ f3 44. Nxf3 Bxf3 45. Re3
Rc2 46. Re7 Rh2 47. Ke1 Kf4 48. Re8 Be4 49. Kd1 Ke3 50. Kc1 Rc2+ 51. Kd1 Rb2
52. Rc8 Rb1+ 53. Rc1 Bf3+ 54. Kc2 Be4+ 55. Kd1 Rb2 56. Rc7 Ra2 57. Rc8 Rg2 58.
Kc1 Rd2 59. Rc7 Ke2 60. Rc8 Ra2 61. Rc7 Bd3 62. Re7+ Kf3 63. Rc7 Ke3 64. Rc8
Kd4 65. Rc7 Bc4 66. Kd1 Ra1+ 67. Kd2 Ra2+ 68. Ke1 Re2+ 69. Kd1 1/2-1/2

[Event "2nd 4NCL Spring Bank Holiday Congress"]
[Site "Basingstoke"]
[Date "2019.05.27"]
[Round "7.9"]
[White "O'brien, Paul W"]
[Black "Muppidi, Anirudh R"]
[Result "1-0"]
[WhiteElo "1610"]
[BlackElo "1437"]
[PlyCount "37"]
[EventDate "2019.05.24"]

1. e4 e5 2. Nc3 Nf6 3. Bc4 Bc5 4. f4 d6 5. Nf3 Nc6 6. d3 Ng4 7. Qe2 Qe7 8. Nd5
Qd8 9. f5 Nf6 10. Bg5 a6 11. Qd2 Bd7 12. Bxf6 gxf6 13. Qh6 b5 14. Nxf6+ Ke7 15.
Bd5 Rb8 16. Ng5 Na5 17. Nfxh7 Qc8 18. Qf6+ Ke8 19. Bxf7# 1-0

[Event "2nd 4NCL Spring Bank Holiday Congress"]
[Site "Basingstoke"]
[Date "2019.05.27"]
[Round "7.10"]
[White "Fernando, Manel"]
[Black "Farahi-Far, Mohammad"]
[Result "1-0"]
[WhiteElo "1492"]
[BlackElo "1235"]
[PlyCount "63"]
[EventDate "2019.05.24"]

1. d4 Nf6 2. Nf3 g6 3. Bf4 d6 4. e3 Bg7 5. Bd3 O-O 6. e4 Nh5 7. Bg5 Bg4 8. Nbd2
Bxd4 9. c3 Bg7 10. Qc2 h6 11. Bh4 Nf4 12. Bf1 Nc6 13. h3 Be6 14. Bg3 Nh5 15.
Bh2 f5 16. Bd3 Ne5 17. Nxe5 Bxe5 18. exf5 gxf5 19. Nf3 Bxh2 20. Rxh2 Nf4 21.
O-O-O Nxd3+ 22. Qxd3 Bxa2 23. g4 Qd7 24. Rg2 Kh7 25. Nh4 e6 26. Rdg1 Bd5 27. f3
Rf7 28. gxf5 Kh8 29. Ng6+ Kh7 30. fxe6 Bxe6 31. Nf8+ Kh8 32. Rg8# 1-0

[Event "2nd 4NCL Spring Bank Holiday Congress"]
[Site "Basingstoke"]
[Date "2019.05.27"]
[Round "7.11"]
[White "Bullock, Lee"]
[Black "Shek, Daniel"]
[Result "0-1"]
[WhiteElo "1516"]
[BlackElo "1415"]
[PlyCount "26"]
[EventDate "2019.05.24"]

1. d4 Nf6 2. Bf4 d6 3. e3 g6 4. Bd3 Bg7 5. Nf3 O-O 6. c3 Nbd7 7. Qc2 Re8 8.
Nbd2 e5 9. dxe5 Nxe5 10. Nxe5 dxe5 11. Bg5 h6 12. Bh4 c6 13. Qb3 Qxd3 0-1

[Event "2nd 4NCL Spring Bank Holiday Congress"]
[Site "Basingstoke"]
[Date "2019.05.27"]
[Round "7.12"]
[White "Kumar, Sanjit S"]
[Black "Sandercock, E Barry"]
[Result "1-0"]
[WhiteElo "1298"]
[BlackElo "1650"]
[PlyCount "113"]
[EventDate "2019.05.24"]

1. e4 d5 2. exd5 Qxd5 3. Nc3 Qa5 4. Nf3 c6 5. d4 Bf5 6. Be2 e6 7. O-O Nf6 8.
Bf4 Nbd7 9. Qd2 Nd5 10. Nxd5 Qxd2 11. Nc7+ Kd8 12. Nxd2 Rc8 13. c3 Rxc7 14.
Bxc7+ Kxc7 15. Nf3 f6 16. Nh4 Bg6 17. Nxg6 hxg6 18. Bd3 f5 19. Rfe1 Kd6 20. Re2
e5 21. dxe5+ Nxe5 22. Rae1 Nxd3 23. Rd1 Kc7 24. Rxd3 Bd6 25. h3 Rd8 26. Kf1 a6
27. Re6 g5 28. Rg6 Rd7 29. Rxg5 f4 30. Rg6 b5 31. Ke2 a5 32. Kf3 a4 33. b3 axb3
34. axb3 Be5 35. Rxd7+ Kxd7 36. c4 bxc4 37. bxc4 c5 38. Ke4 Bd4 39. f3 Be3 40.
Rxg7+ Ke6 41. Rg4 Kf6 42. Rxf4+ Bxf4 43. Kxf4 Kg6 44. g4 Kf6 45. h4 Kg6 46. h5+
Kf6 47. g5+ Kg7 48. g6 Kg8 49. h6 Kh8 50. Kg5 Kg8 51. h7+ Kg7 52. f4 Kh8 53. f5
Kg7 54. f6+ Kh8 55. f7 Kg7 56. h8=Q+ Kxh8 57. f8=Q# 1-0

[Event "2nd 4NCL Spring Bank Holiday Congress"]
[Site "Basingstoke"]
[Date "2019.05.27"]
[Round "7.13"]
[White "Pettit, Felicity Ol"]
[Black "Ahmed, Yunus"]
[Result "1-0"]
[WhiteElo "1314"]
[BlackElo "1248"]
[PlyCount "133"]
[EventDate "2019.05.24"]

1. c4 g6 2. g3 Bg7 3. Bg2 Nf6 4. Nc3 d6 5. d4 Nbd7 6. e3 O-O 7. Nge2 e5 8. O-O
Ne8 9. b3 f5 10. Bb2 Nef6 11. Nd5 e4 12. Nxf6+ Nxf6 13. f3 exf3 14. Bxf3 c6 15.
d5 c5 16. Nc3 Re8 17. Qd3 Bd7 18. a4 Qb6 19. Ra3 a5 20. e4 Re7 21. exf5 Bxf5
22. Qd2 Rae8 23. Nb5 Re3 24. Bc1 Rd3 25. Qf4 Bf8 26. Bb2 Nd7 27. g4 Ne5 28.
gxf5 Nxf3+ 29. Rxf3 Rxf3 30. Qxf3 Qd8 31. Bc3 Qg5+ 32. Kf2 Qxf5 33. Qxf5 gxf5
34. Ra1 Kf7 35. Bxa5 Re4 36. Re1 Rf4+ 37. Kg3 Rg4+ 38. Kf3 Rh4 39. Kg2 Rg4+ 40.
Kh1 Be7 41. Bd2 Re4 42. Rxe4 fxe4 43. Kg2 Kf6 44. Kf2 Ke5 45. Ke3 b6 46. Nc3
Bg5+ 47. Ke2 Bxd2 48. Kxd2 Kd4 49. Nd1 Ke5 50. Ke3 Kf5 51. Nf2 Kg5 52. Kxe4 Kh4
53. Kf5 h5 54. Ke6 Kg5 55. Kxd6 Kf4 56. Ke6 Kf3 57. d6 Kxf2 58. d7 Kg2 59. d8=Q
Kxh2 60. Qh4+ Kg2 61. Qxh5 Kf2 62. Qe5 Kg2 63. Kf5 Kf2 64. Kg4 Kg2 65. Qg3+ Kh1
66. Kh3 b5 67. Qg2# 1-0

[Event "2nd 4NCL Spring Bank Holiday Congress"]
[Site "Basingstoke"]
[Date "2019.05.27"]
[Round "7.15"]
[White "Khoury, Theo"]
[Black "Chadwick, Susan E"]
[Result "1-0"]
[WhiteElo "1339"]
[BlackElo "1512"]
[PlyCount "93"]
[EventDate "2019.05.24"]

1. e4 d6 2. d4 Nf6 3. Nc3 g6 4. Nf3 Bg7 5. Bc4 O-O 6. h3 a6 7. a4 b6 8. O-O Bb7
9. Re1 Nbd7 10. Bf4 c5 11. d5 Nh5 12. Bh2 Nhf6 13. Qd2 Qc7 14. Bf4 Ne5 15. Nxe5
dxe5 16. Bh6 Nh5 17. Bxg7 Kxg7 18. Rad1 Rad8 19. Qg5 Nf4 20. Ne2 f5 21. Nxf4
exf4 22. e5 f3 23. gxf3 f4 24. Re4 Rf5 25. Qg4 h6 26. h4 b5 27. axb5 axb5 28.
Bxb5 Rxd5 29. Rxd5 Bxd5 30. Re2 Qb7 31. Be8 Bf7 32. Bxf7 Kxf7 33. b3 Qd5 34.
Re4 e6 35. Rxf4 Qxe5 36. Rxf5+ exf5 37. Qc4+ Kf6 38. Qg8 f4 39. Qh8+ Ke6 40.
Qxe5+ Kxe5 41. c3 Kd5 42. Kf1 g5 43. hxg5 hxg5 44. Kg2 Ke5 45. Kh3 g4+ 46. Kxg4
Kd5 47. Kxf4 1-0

[Event "2nd 4NCL Spring Bank Holiday Congress"]
[Site "Basingstoke"]
[Date "2019.05.27"]
[Round "6.1"]
[White "Goodfellow, Russell Robert"]
[Black "Winter, Kevin"]
[Result "1-0"]
[WhiteElo "1718"]
[BlackElo "1742"]
[PlyCount "51"]
[EventDate "2019.05.24"]

1. e4 d6 2. d4 Nf6 3. Nc3 Nbd7 4. f3 e5 5. Nge2 c6 6. Be3 Be7 7. Qd2 Qa5 8. g4
exd4 9. Nxd4 Ne5 10. Be2 O-O 11. O-O Qd8 12. Rad1 Re8 13. h3 a6 14. f4 Ng6 15.
g5 Nd7 16. Nf5 Ndf8 17. Nxe7+ Qxe7 18. f5 Ne5 19. Qxd6 Qxd6 20. Rxd6 g6 21. Bd4
gxf5 22. exf5 b5 23. Ne4 Nfd7 24. Rf2 Nc4 25. Rxd7 Rxe4 26. Rd8+ 1-0

[Event "2nd 4NCL Spring Bank Holiday Congress"]
[Site "Basingstoke"]
[Date "2019.05.27"]
[Round "6.2"]
[White "Sheard, Jack"]
[Black "Farahi-Far, Arman"]
[Result "1-0"]
[WhiteElo "1392"]
[BlackElo "1314"]
[PlyCount "51"]
[EventDate "2019.05.24"]

1. Nf3 Nf6 2. c4 g6 3. b4 Bg7 4. Bb2 d6 5. g3 O-O 6. Bg2 Nbd7 7. O-O c6 8. Qc2
Re8 9. d3 d5 10. Nbd2 Qb6 11. a3 a5 12. Bd4 Qd8 13. cxd5 Nxd5 14. Bxg7 Kxg7 15.
b5 cxb5 16. Qb2+ N7f6 17. Qxb5 Nc3 18. Qe5 Ncd5 19. Rfc1 Kg8 20. Rab1 b6 21. e4
Ne3 22. fxe3 Qxd3 23. Qc3 Qd8 24. Qd4 Nd7 25. Nc4 Rb8 26. Nfe5 1-0

[Event "2nd 4NCL Spring Bank Holiday Congress"]
[Site "Basingstoke"]
[Date "2019.05.27"]
[Round "6.3"]
[White "Abbas, Ahmed C"]
[Black "Horlock, Peter J"]
[Result "0-1"]
[WhiteElo "1549"]
[BlackElo "1579"]
[PlyCount "58"]
[EventDate "2019.05.24"]

1. e4 e5 2. Nf3 Nc6 3. Bc4 Be7 4. d4 exd4 5. c3 Bf6 6. cxd4 d6 7. d5 Ne5 8.
Nxe5 dxe5 9. Nc3 Ne7 10. Be3 a6 11. O-O O-O 12. Qc2 Qd6 13. Rad1 Ng6 14. Be2
Be7 15. Na4 Nf4 16. Bf3 Qg6 17. Bxf4 exf4 18. Qxc7 Bd6 19. Qc3 Bh3 20. e5 Rac8
21. Qd3 Bf5 22. Qe2 Rc2 23. Rd2 Rxd2 24. Qxd2 Bxe5 25. Nc3 Bh3 26. Re1 Bxg2 27.
Bh5 Qxh5 28. Rxe5 Qg4 29. Rg5 Qxg5 0-1

[Event "2nd 4NCL Spring Bank Holiday Congress"]
[Site "Basingstoke"]
[Date "2019.05.27"]
[Round "6.5"]
[White "Piecha, Lukasz Marek"]
[Black "Kumar, Soham"]
[Result "0-1"]
[WhiteElo "1727"]
[BlackElo "1230"]
[PlyCount "106"]
[EventDate "2019.05.24"]

1. d4 Nf6 2. Nc3 d5 3. Bf4 c5 4. e3 e6 5. Nb5 Na6 6. Nf3 c4 7. a4 Ne4 8. Ne5
Qa5+ 9. c3 Be7 10. f3 Nf6 11. Be2 O-O 12. O-O Nd7 13. b3 cxb3 14. Qxb3 Nxe5 15.
Bxe5 Bd7 16. c4 Qd2 17. Ra2 dxc4 18. Bxc4 Qb4 19. Rb2 Rfc8 20. Qxb4 Bxb4 21.
Nc7 Nxc7 22. Rxb4 Rab8 23. Rfb1 b6 24. a5 b5 25. Bxc7 Rxc7 26. Kf2 Kf8 27. Ke2
Ke7 28. g4 g6 29. g5 a6 30. Bd3 Rbc8 31. R1b2 Rc1 32. Be4 R8c7 33. d5 Ra1 34.
Rd4 exd5 35. Bxd5 Rxa5 36. Rh4 Rc5 37. Bb3 Rxg5 38. Kd3 Ra3 39. Kc3 Rf5 40. Kb4
Ra1 41. Re4+ Kf6 42. f4 a5+ 43. Kc3 b4+ 44. Kd2 a4 45. Bc4 Rh5 46. Rxb4 Rxh2+
47. Kc3 Bf5 48. Rb6+ Kg7 49. Re7 Rc2+ 50. Kd4 Rd1+ 51. Kc5 Rdc1 52. Rxf7+ Kh6
53. Rxf5 Rxc4+ 0-1

[Event "2nd 4NCL Spring Bank Holiday Congress"]
[Site "Basingstoke"]
[Date "2019.05.27"]
[Round "6.6"]
[White "Ball, Matthew P"]
[Black "Sloan, Hamish"]
[Result "1-0"]
[WhiteElo "1652"]
[BlackElo "1506"]
[PlyCount "129"]
[EventDate "2019.05.24"]

1. Nf3 g6 2. d4 Bg7 3. c3 d6 4. Bg5 Nf6 5. h3 b6 6. Qc1 Bb7 7. Bh6 O-O 8. Bxg7
Kxg7 9. g3 c5 10. dxc5 bxc5 11. Bg2 Qc7 12. O-O Nbd7 13. Nbd2 Nb6 14. Qc2 d5
15. Rac1 e6 16. Ne1 Rac8 17. Ndf3 a5 18. Nd3 Nfd7 19. Nd2 f6 20. e4 c4 21. Nf4
Rfe8 22. exd5 exd5 23. Rfe1 Kf7 24. Nf3 Nc5 25. h4 Ne6 26. Nxe6 Rxe6 27. Rxe6
Kxe6 28. Bh3+ Kf7 29. Bxc8 Bxc8 30. Re1 Bd7 31. Qe2 Qd6 32. Nd4 Na8 33. h5 Nc7
34. hxg6+ hxg6 35. Qe3 Ne8 36. Kg2 Ng7 37. Rh1 Qe7 38. Qxe7+ Kxe7 39. b3 Ne6
40. Rh7+ Kd6 41. Nxe6 Kxe6 42. Rg7 g5 43. bxc4 dxc4 44. Kf3 Bc6+ 45. Ke3 Ke5
46. Ra7 a4 47. a3 Kf5 48. Ra5+ Kg4 49. Rc5 Bd7 50. Rxc4+ Kf5 51. Rd4 Ke6 52.
Kd3 Bb5+ 53. c4 Bc6 54. Kc3 Ke5 55. Rd8 f5 56. Rc8 Be4 57. Re8+ Kd6 58. Rxe4
fxe4 59. Kd4 g4 60. Kxe4 Kc5 61. Kd3 Kd6 62. Kd4 Kc6 63. c5 Kc7 64. Kc4 Kc6 65.
Kb4 1-0

[Event "2nd 4NCL Spring Bank Holiday Congress"]
[Site "Basingstoke"]
[Date "2019.05.27"]
[Round "6.7"]
[White "Robinson, Brian"]
[Black "Bishop, Geoffrey L"]
[Result "0-1"]
[WhiteElo "1555"]
[BlackElo "1715"]
[PlyCount "72"]
[EventDate "2019.05.24"]

1. d4 b5 2. e3 a6 3. Bd3 Bb7 4. Nf3 Nf6 5. Nbd2 d6 6. O-O g6 7. b3 Bg7 8. Bb2
O-O 9. c4 b4 10. Qc2 Nbd7 11. Rac1 Rc8 12. Rfd1 a5 13. a4 bxa3 14. Bxa3 c5 15.
Bb2 cxd4 16. exd4 Nd5 17. Qb1 Nf4 18. Bf1 Qb6 19. d5 Bxb2 20. Qxb2 Nc5 21. Qc3
Na6 22. Ra1 Nb4 23. Nd4 Nfxd5 24. Qb2 Nf4 25. Nb5 Nbd3 26. Bxd3 Nxd3 27. Qd4
Qxd4 28. Nxd4 Nf4 29. g3 Nh3+ 30. Kf1 Ra8 31. Nb5 Rfc8 32. Re1 Kf8 33. Ne4 d5
34. cxd5 Bxd5 35. Nd2 Rc2 36. Red1 Rb2 0-1

[Event "2nd 4NCL Spring Bank Holiday Congress"]
[Site "Basingstoke"]
[Date "2019.05.27"]
[Round "6.8"]
[White "Muppidi, Anirudh R"]
[Black "Homer, Neil S"]
[Result "0-1"]
[WhiteElo "1437"]
[BlackElo "1654"]
[PlyCount "84"]
[EventDate "2019.05.24"]

1. e4 c6 2. d4 d5 3. exd5 cxd5 4. Bd3 Nc6 5. Nf3 Bg4 6. Be3 e6 7. c3 Nf6 8.
Nbd2 Bd6 9. Qc2 O-O 10. O-O Rc8 11. h3 Bxf3 12. Nxf3 Nb4 13. Qd2 Nxd3 14. Qxd3
h6 15. Qb5 Qc7 16. Rac1 a6 17. Qb3 b5 18. a4 Qc4 19. Qxc4 bxc4 20. g4 Rb8 21.
Rb1 Ne4 22. Ne5 Bxe5 23. dxe5 Rfc8 24. h4 Nc5 25. Bxc5 Rxc5 26. f4 Ra5 27. f5
Rxa4 28. fxe6 fxe6 29. Rf4 Rf8 30. Rd4 Ra5 31. Kg2 Rb5 32. h5 Rfb8 33. Rd2 a5
34. Kf3 Rb3 35. Rc2 a4 36. Ke2 a3 37. Kd2 Rf8 38. Rg1 Rf2+ 39. Kc1 a2 40. Kd1
a1=Q+ 41. Rc1 Qxb2 42. Ke1 Qe2# 0-1

[Event "2nd 4NCL Spring Bank Holiday Congress"]
[Site "Basingstoke"]
[Date "2019.05.27"]
[Round "6.9"]
[White "Farahi-Far, Mohammad"]
[Black "Seymour, Paul"]
[Result "1/2-1/2"]
[WhiteElo "1235"]
[BlackElo "1643"]
[PlyCount "34"]
[EventDate "2019.05.24"]

1. c4 Nf6 2. Nc3 g6 3. g3 Bg7 4. Bg2 O-O 5. Nf3 c5 6. O-O Nc6 7. e4 d6 8. d3 a6
9. a3 Rb8 10. Rb1 b5 11. cxb5 axb5 12. b4 cxb4 13. axb4 Bg4 14. h3 Bd7 15. Bd2
Qc7 16. Qc1 Rfc8 17. Re1 e6 1/2-1/2

[Event "2nd 4NCL Spring Bank Holiday Congress"]
[Site "Basingstoke"]
[Date "2019.05.27"]
[Round "6.10"]
[White "Shek, Daniel"]
[Black "Sandercock, E Barry"]
[Result "1/2-1/2"]
[WhiteElo "1415"]
[BlackElo "1650"]
[PlyCount "191"]
[EventDate "2019.05.24"]

1. d4 Nf6 2. c4 e5 3. dxe5 Ng4 4. Nf3 Nc6 5. e3 Ngxe5 6. Nxe5 Nxe5 7. Nc3 Bb4
8. Bd2 O-O 9. a3 Bxc3 10. Bxc3 Re8 11. Be2 a5 12. O-O d6 13. c5 Nc6 14. cxd6
Qxd6 15. Qxd6 cxd6 16. Rfd1 Rd8 17. Rd2 Be6 18. Bd1 Ne5 19. Bxe5 dxe5 20. Rxd8+
Rxd8 21. Bf3 Rd2 22. Rd1 Rxd1+ 23. Bxd1 b6 24. Kf1 f5 25. Ke1 Bd5 26. Bf3 Bxf3
27. gxf3 Kf7 28. e4 f4 29. Kd2 Kg6 30. Kd3 b5 31. a4 bxa4 32. Kc4 Kg5 33. Kb5
a3 34. bxa3 Kh4 35. Kxa5 Kh3 36. Kb4 Kxh2 37. a4 Kg2 38. a5 h5 39. a6 h4 40. a7
h3 41. a8=Q h2 42. Qe8 h1=Q 43. Qxe5 Kxf3 44. Qxg7 Qb1+ 45. Kc5 Qxe4 46. Qb2
Qe7+ 47. Kc6 Qe2 48. Qc1 Qxf2 49. Qd1+ Kg3 50. Qd7 Qc2+ 51. Kb6 f3 52. Qd6+ Kg2
53. Qd5 Qf2+ 54. Ka6 Kg1 55. Qg5+ Qg2 56. Qf4 f2 57. Qd4 Qf1+ 58. Ka7 Qg2 59.
Qe3 Qh2 60. Qg5+ Qg2 61. Qe3 Kh1 62. Qh6+ Qh2 63. Qc1+ Kg2 64. Qd2 Qc7+ 65. Ka6
Qc4+ 66. Ka7 Qg4 67. Kb8 Kg1 68. Qe3 Qg2 69. Ka7 Kh2 70. Qf4+ Qg3 71. Qd2 Kg1
72. Qd4 Kh1 73. Qd1+ Kh2 74. Qe2 Kh3 75. Qf1+ Kh2 76. Qd1 Qg1 77. Qd2 Kh1 78.
Qh6+ Qh2 79. Qc1+ Qg1 80. Qh6+ Kg2 81. Qd2 Kh3 82. Qd3+ Kg4 83. Qe4+ Kg5 84.
Qe5+ Kh4 85. Qf4+ Kh5 86. Qf5+ Kh6 87. Qf6+ Kh7 88. Qf5+ Kh6 89. Qf6+ Kh7 90.
Qf5+ Kg7 91. Qe5+ Kf7 92. Qf5+ Ke7 93. Qe5+ Kd7 94. Qd5+ Kc7 95. Qe5+ Kd8 96.
Qd6+ 1/2-1/2

[Event "2nd 4NCL Spring Bank Holiday Congress"]
[Site "Basingstoke"]
[Date "2019.05.27"]
[Round "6.11"]
[White "Maurus, Mickey"]
[Black "Fernando, Manel"]
[Result "0-1"]
[WhiteElo "1336"]
[BlackElo "1492"]
[PlyCount "88"]
[EventDate "2019.05.24"]

1. d4 d5 2. Bf4 c6 3. c3 Nf6 4. Nf3 e6 5. e3 Be7 6. h3 Nbd7 7. Bd3 c5 8. Ne5
Qb6 9. Qc2 a6 10. Nd2 Nf8 11. a4 c4 12. Be2 Ng6 13. Bh2 Bd6 14. a5 Qc7 15. Qa4+
Bd7 16. Nxd7 Nxd7 17. Bxd6 Qxd6 18. O-O O-O 19. e4 Rfe8 20. Rfe1 Rac8 21. Bf3
Nf4 22. Be2 Nf8 23. e5 Qe7 24. Nf3 f6 25. Bd1 Qf7 26. Bc2 Qh5 27. Re3 f5 28.
Qb4 Rc7 29. Qb6 Ree7 30. Qb4 g5 31. Nxg5 Qxg5 32. Rg3 Ne2+ 33. Kf1 Nxg3+ 34.
fxg3 Qxg3 35. Ke2 Qxg2+ 36. Kd1 Rg7 37. Kc1 Qf1+ 38. Bd1 Rg1 39. Qa4 Rcg7 40.
Kb1 Qxd1+ 41. Qxd1 Rxd1+ 42. Ka2 Rgg1 43. Rxd1 Rxd1 44. Ka3 f4 0-1

[Event "2nd 4NCL Spring Bank Holiday Congress"]
[Site "Basingstoke"]
[Date "2019.05.27"]
[Round "6.12"]
[White "Ahmed, Yunus"]
[Black "Fisher, Neal"]
[Result "0-1"]
[WhiteElo "1248"]
[BlackElo "1444"]
[PlyCount "88"]
[EventDate "2019.05.24"]

1. e4 c5 2. Nf3 Nc6 3. d4 cxd4 4. Nxd4 e5 5. Nb3 Nf6 6. Nc3 Bb4 7. Bd3 d5 8.
exd5 Nxd5 9. Bd2 Nxc3 10. bxc3 Be7 11. O-O Be6 12. f4 exf4 13. Bxf4 Qb6+ 14.
Kh1 Bf6 15. Qe2 Bxc3 16. Rad1 O-O 17. Bxh7+ Kxh7 18. Qd3+ g6 19. Qxc3 f6 20.
Rd6 Bxb3 21. Qh3+ Kg8 22. axb3 Qb5 23. c4 Qh5 24. Qxh5 gxh5 25. Rd5 Ne5 26.
Bxe5 fxe5 27. Re1 Rae8 28. Kg1 Rf5 29. Rf1 Rf7 30. Rxf7 Kxf7 31. Rd7+ Re7 32.
Rxe7+ Kxe7 33. b4 Ke6 34. Kf2 Kf5 35. Kf3 b6 36. c5 bxc5 37. bxc5 a5 38. c6 Ke6
39. Ke4 a4 40. c7 Kd7 41. Kxe5 a3 42. Kf5 a2 43. Kg5 a1=Q 44. Kxh5 Qe5+ 0-1

[Event "2nd 4NCL Spring Bank Holiday Congress"]
[Site "Basingstoke"]
[Date "2019.05.27"]
[Round "6.14"]
[White "Chadwick, Susan E"]
[Black "Bullock, Lee"]
[Result "0-1"]
[WhiteElo "1512"]
[BlackElo "1516"]
[PlyCount "98"]
[EventDate "2019.05.24"]

1. d4 d6 2. Nf3 Nd7 3. e4 e5 4. c3 h6 5. Bd3 Ngf6 6. Nbd2 c6 7. Qb3 Be7 8. O-O
Qc7 9. Re1 g5 10. dxe5 dxe5 11. Bc4 Rh7 12. Nf1 b5 13. Bd3 Nc5 14. Qc2 Ne6 15.
Ng3 Nf4 16. Bf1 Bg4 17. Nf5 Bxf3 18. gxf3 Bc5 19. Be3 Bxe3 20. fxe3 Ne6 21.
Rad1 Rd8 22. Rxd8+ Qxd8 23. Rd1 Qb6 24. Kg2 g4 25. Qd2 gxf3+ 26. Kxf3 Ng5+ 27.
Ke2 Ngxe4 28. Nd6+ Kf8 29. Nxe4 Nxe4 30. Qd3 f5 31. Bh3 Ke8 32. Bxf5 Nc5 33.
Qd6 Re7 34. Qg6+ Rf7 35. Rd6 e4 36. Qg8+ Ke7 37. Qg6 Rxf5 38. Rd2 Rf6 39. Qg7+
Rf7 40. Qe5+ Kf8 41. Qh8+ Ke7 42. Qxh6 Nd3 43. Qh4+ Kf8 44. Qxe4 Nf4+ 45. Kd1
Nd5 46. Rd4 Qc7 47. Rd2 a5 48. Qd4 Nf6 49. Qc5+ Ke8 0-1